Pays du monde n’ayant qu’une seule frontière - version facile - Statistiques

Statistiques générales
  • Ce quiz a été pris 78 fois
    47 depuis la dernière actualisation
  • Le résultat moyen est 13 sur 15
Statistiques - réponses
Indice Pays % Correct
Enclavé en Italie. Vatican
100%
Frontalier avec le Royaume-Uni.​ Irlande
95%
Frontalier avec l'Espagne.​ Portugal
95%
Enclavé en Italie.​ Saint Marin
95%
Frontalier avec la Corée du Nord.​ Corée du Sud
90%
Entièrement entouré par l'Afrique du Sud.​ Lesotho
90%
Frontalier avec la France.​ Monaco
88%
Partage l'île d'Hispaniola avec Haïti.​ République Dominicaine
88%
Frontalier avec l'Irlande.​ Royaume-Uni
88%
Partage l'île d'Hispaniola avec la République dominicaine.​ Haïti
85%
Frontalier avec l'Arabie saoudite.​ Qatar
85%
Partage l'île de Nouvelle-Guinée avec l'Indonésie.​ Papouasie Nouvelle Guinée
83%
Partage l'île de Timor avec l'Indonésie.​ Timor oriental
83%
Situé sur l'île de Bornéo, frontalier avec la Malaisie.​ Bruneï
78%
Entouré par le Sénégal.​ Gambie
78%
Aucun quiz correspondant
Distribution des résultats
% des personnes avec chaque résultat
Percentile par nombre de réponses
Votre historique - résultats
Vous n’avez pas pris ce quiz depuis la dernière actualisation